<?xml version="1.0" encoding="UTF-8"?>
<collection xmlns="http://www.loc.gov/MARC21/slim">
 <record>
  <leader>01700nam a2200193Ia 4500</leader>
  <controlfield tag="001">CTU_22909</controlfield>
  <controlfield tag="008">210402s9999    xx            000 0 und d</controlfield>
  <datafield tag="020" ind1=" " ind2=" ">
   <subfield code="b">80.000đ</subfield>
  </datafield>
  <datafield tag="082" ind1=" " ind2=" ">
   <subfield code="a">529.3</subfield>
  </datafield>
  <datafield tag="082" ind1=" " ind2=" ">
   <subfield code="b">L302</subfield>
  </datafield>
  <datafield tag="245" ind1=" " ind2="0">
   <subfield code="a">Lịch vạn niên dịch học phổ thông</subfield>
  </datafield>
  <datafield tag="245" ind1=" " ind2="0">
   <subfield code="c">Hồ Thị Lan</subfield>
  </datafield>
  <datafield tag="260" ind1=" " ind2=" ">
   <subfield code="a">Hà Nội</subfield>
  </datafield>
  <datafield tag="260" ind1=" " ind2=" ">
   <subfield code="b">Văn hóa dân tộc</subfield>
  </datafield>
  <datafield tag="260" ind1=" " ind2=" ">
   <subfield code="c">1997</subfield>
  </datafield>
  <datafield tag="520" ind1=" " ind2=" ">
   <subfield code="a">Đây là quyển Lịch vạn niên phổ thông dễ hiểu. Quan niệm của những nhà làm lịch cổ là trong vũ trụ không có vật chất không vận động, cũng không có sự vận động phi vật chất, và sự vận động gắn liền với thời gian và không gian, không gian và thời gian thống nhất trong sự vận động của vật chất. Sự chuyển vận của ngày, tháng, tinh tú trong vũ trụ gây những ảnh hưởng nhất định đối với con người, ghi sâu những dấu ấn vào con người. Do đó, khi nghiên cứu mối quan hệ giữa con người với thế giới tự nhiên không thể tách rời bối cảnh thời gian và không gian của thiên văn lịch pháp... Cấu trúc của Vạn niên lịch phổ thông rất phức tạp. Vì thế khi sử dụng độc giả cần tham khảo thêm cuốn ' BàN Về LịCH VạN NIêN ' để biết thêm cách sử dụng</subfield>
  </datafield>
  <datafield tag="650" ind1=" " ind2=" ">
   <subfield code="a">calendar</subfield>
  </datafield>
  <datafield tag="904" ind1=" " ind2=" ">
   <subfield code="i">Nguyễn Quang Điền, 980706</subfield>
  </datafield>
  <datafield tag="980" ind1=" " ind2=" ">
   <subfield code="a">Trung tâm Học liệu Trường Đại học Cần Thơ</subfield>
  </datafield>
 </record>
</collection>
